The World's largest Empires - Statistics

General Stats
  • This quiz has been taken 24 times
  • The average score is 4 of 6
Answer Stats
Hint Empire % Correct
26% of the World1920 British Empire
100%
18% of the World1270 Mongol Empire
90%
17% of the World1895 Russian Empire
90%
10% of the World1810 Spanish Empire
80%
11% of the World1790 Chinese Empire
40%
9% of the World1920 Second French Empire
15%
No matching quizzes found
Score Distribution
Percent of People with Each Score
Percentile by Number Answered
Your Score History
You have not taken this quiz